000 00701nam a2200253Ia 4500
003 OSt
005 20220918203505.0
006 a|||||r|||| 00| 0
007 ta
008 220917b |||||||| |||| 00| 0 eng d
024 _a108,599
037 _cTextual
040 _aARTS
_cARTS
_beng
041 _2eng
_aeng
082 _aV435:2.N7, M6
100 _aTrindade F A Ed
_9108821
245 0 _aConstitution of Malaysia
_b Fourth perspectives and development
260 _aSingapore
_bO U P
_c1986
300 _axi, 275p.
_ccm.
650 _aHISTORY
700 _a Lee H P
_9108822
942 _hV435:2.N7, M6
_cTEXL
_2CC
999 _c231953
_d231953